[Event "EU-Cup 22nd"]
[Site "Fuegen"]
[Date "2006.10.10"]
[Round "3.1"]
[White "Morozevich, Alexander"]
[Black "Georgiev, Kiril"]
[Result "1-0"]
[WhiteElo "2747"]
[BlackElo "2680"]
[Annotator "Reeh,O"]
[PlyCount "75"]
[EventDate "2006.10.08"]
[EventType "team-swiss"]
[EventRounds "7"]
[EventCountry "AUT"]
[SourceTitle "CBM 115"]
[Source "ChessBase"]
[SourceDate "2006.11.15"]
[SourceVersion "1"]
[SourceVersionDate "2006.11.15"]
[SourceQuality "1"]
[WhiteTeam "Tomsk 400"]
[BlackTeam "Skopje"]
[WhiteTeamCountry "RUS"]
[BlackTeamCountry "MKD"]

1. e4 e5 2. Nf3 Nc6 3. d4 exd4 4. Nxd4 Bc5 5. Be3 Qf6 6. c3 Nge7 7. Nc2 Bxe3 8.
Nxe3 Qe5 9. Nd2 d5 10. Bd3 dxe4 11. Bxe4 Be6 12. Qc2 O-O-O 13. Nf3 Qb5 14. b4
Rhe8 15. a4 Qh5 16. O-O f5 17. Bxc6 Nxc6 18. b5 Na5 19. Nd4 f4 20. Nef5 Bxf5
21. Nxf5 Qg6 22. Rae1 Kb8 23. Re4 $1 f3 (23... Qxf5 $4 24. Rxe8 {threatening
25.Rxd8++. drohend 25.Rxd8++.}) 24. g3 b6 (24... Nb3 $1 {and Black is fine.
und Schwarz steht gut.}) 25. Rf4 Re2 26. Qb1 Rdd2 27. Rxf3 $16 Rb2 28. Qd1 Red2
29. Qa1 {A funny queen position! Eine witzige Damenstellung!} Ra2 30. Qe1 Re2
31. Qc1 Kb7 (31... Rxa4 32. Qd1 $1 {forking both rooks and threatening 33.Qd8+
followed by 34.Ne7. mit Doppelangriff auf die Türme und der Drohung 33.Qd8+
nebst 34.Ne7.}) 32. Qf4 Nb3 33. Rd3 Qe6 34. Rd8 Rad2 35. Rh8 Qe4 {[%tqu "En",
"Does White have to exchange queens here?","Black's back rank is very weak. If
White could double his heavy pieces there, the black king would be lost.",
"Find a way to enable the white queen to enter the opponent's back rank with
tempo.","f5d6","Very good! All of a sudden Black's king is doomed.",15,"De",
"Muss Weiß hier die Damen tauschen?","Die schwarze Grundreihe ist sehr schwach.
Wenn Weiß seine Schwerfiguren dort verdoppeln könnte, ginge es dem schwarzen
König an den Kragen.","Finden Sie eine Möglichkeit, der weißen Dame mit Tempo
einen Weg zur Grundreihe zu bahnen.","f5d6","Sehr gut! Urplötzlich ist der
schwarze König verloren.",15]} 36. Nd6+ $1 {Now the white queen reaches f8,
and Black is forced to give up material. Nun erreicht die weiße Dame f8,
wonach Schwarz gezwungen ist, Material zu geben.} cxd6 37. Qf8 Qe8 {Otherwise
White simply checkmates on the back rank. Sonst setzt Weiß einfach auf der
Grundreihe matt.} 38. Qxe8 1-0

[Event "CUB-ch"]
[Site "Matanzas"]
[Date "1997.03.21"]
[Round "6"]
[White "Arencibia Rodriguez, Walter"]
[Black "Gomez Fontal, Felix Manuel"]
[Result "1-0"]
[WhiteElo "2560"]
[BlackElo "2385"]
[Annotator "Rodriguez,Am"]
[PlyCount "37"]
[EventDate "1997.03.15"]
[EventType "tourn"]
[EventRounds "13"]
[EventCountry "CUB"]
[EventCategory "7"]
[SourceTitle "CBM 057 Extra"]
[Source "ChessBase"]
[SourceDate "1997.05.01"]
[SourceVersion "1"]
[SourceVersionDate "1997.05.01"]
[SourceQuality "1"]

1. e4 e5 2. Nf3 Nc6 3. d4 exd4 4. Nxd4 Nf6 5. Nxc6 bxc6 6. e5 Qe7 7. Qe2 Nd5 8.
c4 Ba6 9. b3 g5 10. g3 (10. Ba3 d6 11. exd6 (11. Qe4 Bg7 12. Bb2 Nb4 13. a3 f5
14. Qxf5 Bc8 15. Qe4 d5 16. cxd5 Nxd5 17. Bd3 Bb7 18. O-O $16 {Sandor,C-Frosch,
E/Balatonbereny IM-A 1996}) 11... Qxe2+ 12. Bxe2 Bg7 13. cxd5 Bxe2 14. Kxe2
Bxa1 15. Rc1 O-O-O 16. Rxc6 Rhe8+ 17. Kd3 Rd7 18. Nc3 Bxc3 19. Kxc3 Re5 20. Kc4
Re4+ 21. Kd3 Re5 22. Kc4 Re4+ {1/2-1/2 Kasparov,G-Anand,V/PCA-Wch (New York)
1995}) 10... Bg7 11. Bb2 O-O-O $1 (11... O-O 12. Nd2 f6 13. Qh5 Nb4 14. h4 g4
15. Kd1 $1 c5 16. a3 Nc6 17. Bd3 $16 {Kasparov,G-Nikolic,P/Linares 1997}) 12.
Nd2 (12. Bg2 Rde8 (12... Rhe8 13. O-O Bxe5 14. Qxe5 Qxe5 15. Bxe5 Rxe5 16. cxd5
Bxf1 17. Kxf1 cxd5 18. Nc3 c6 19. Rc1 Kb8 20. Na4 Kc7 21. Nc5 Rde8 $15 {
Fercec,N-Nikcevic,N/Candas op 1996}) 13. O-O Bxe5 14. Bxe5 Qxe5 15. Qxe5 Rxe5
16. cxd5 Bxf1 17. Kxf1 cxd5 18. Bf3 c6 19. Nc3 Kc7 20. Rc1 Kd6 21. Na4 h5 22.
Nb2 h4 $15 {Pavasovic,D-Bozanic,I/Bled op 1996}) 12... Nb4 $5 $146 (12... Rde8
13. O-O-O Nb6 14. Qe3 $2 Bxe5 15. Qxe5 Qxe5 16. Bxe5 Rxe5 17. Bh3 h6 18. Nf3
Re2 $17 {Guder,S-Zobel,A/Leipzig VfB op 1996}) 13. Kd1 $5 {[%cal Ra2a3]} (13.
Nf3 c5 (13... Rhe8 $5 {/\} 14. a3 g4 $1) 14. Bg2 Bb7 $15) 13... d5 $2 (13... c5
$5 {[%cal Ya6b7,Yb7h1,Yb4c6]}) 14. a3 dxc4 15. axb4 Qxb4 (15... Rxd2+ 16. Qxd2
Rd8 17. Rxa6 Rxd2+ 18. Kxd2 Bxe5 19. Bxe5 Qxe5 20. Bxc4 $18) 16. Kc1 $1 $18 Rd3
17. Rxa6 Rhd8 18. Qg4+ R3d7 19. Bxc4 1-0

[Event "World Cup"]
[Site "Reykjavik"]
[Date "1991.??.??"]
[Round "13"]
[White "Ehlvest, Jaan"]
[Black "Beliavsky, Alexander G"]
[Result "1-0"]
[WhiteElo "2605"]
[BlackElo "2655"]
[Annotator "Rogers,I"]
[PlyCount "81"]
[EventDate "1991.09.??"]
[EventType "tourn"]
[EventRounds "15"]
[EventCountry "ISL"]
[EventCategory "16"]
[SourceTitle "CBM 026"]
[Source "ChessBase"]
[SourceDate "1992.02.01"]
[SourceVersion "1"]
[SourceVersionDate "1992.02.01"]
[SourceQuality "1"]

1. e4 e5 2. Nf3 Nc6 3. d4 exd4 4. Nxd4 Bc5 ({Karpov's} 4... Nf6 {took a
battering in last year's World Championship match and, after another defeat at
Kasparov's hands in Tilburg this year it will probably be some time before
anybody decides to follow his example.}) 5. Be3 Qf6 6. c3 Nge7 7. Bc4 Ne5 $5 {
Beliavsky is playing for a risky pawn grab.} ({Kamsky, against Kasparov in
Tilburg a few weeks after this game, equalised easily with} 7... O-O 8. O-O Bb6
9. Kh1 $6 Rd8 $1 {/\...d5. (1/2-1/2 (40) Kasparov,G (2770)-Kamsky,G (2595)
Tilburg 1991 CBM 026)}) 8. Be2 Qg6 9. O-O d5 10. Bh5 $1 Qxe4 11. Nd2 Qd3 12.
N4f3 $1 Bd6 13. Nxe5 Bxe5 14. Bc5 {The difficulties experienced by Black in
bringing his king to safety now give White full compensation for the pawn.} g6
15. Be2 Qf5 16. Nf3 Bf6 17. Re1 O-O 18. Bd3 Qd7 19. Ne5 Qd8 20. Qf3 Kg7 21. h4
$1 Bxh4 $2 {Beliavsky is tempted by the lure of a second pawn.} ({After} 21...
h5 {Black could still hope to hold off White's attack.}) 22. Qf4 $1 Bf6 23. Nf3
$3 {Inexplicable - until one sees the fantastic threat 24.Qxf6+!! Kxf6 25.
Bd4#! Beliavsky can find no reasonable way to prevent this and surrenders the
exchange.} Ng8 24. Bxf8+ Kxf8 25. Rad1 Kg7 26. c4 $1 c6 27. cxd5 cxd5 28. Bc4
$1 {Materially Black is not too badly off but the weakness of the d5 pawn and
the possibility of a kingside blitz keeps him on the back foot.} Ne7 29. Bb3 a5
30. Ng5 Ra6 31. Ne4 $1 a4 32. Bc4 $1 Re6 33. Qd2 $1 Qc7 34. Nxf6 Rxf6 35. Bxd5
Bg4 36. f3 Nxd5 37. fxg4 Qg3 $1 38. g5 $1 (38. Qxd5 {allows a draw with} Qf2+
39. Kh2 Qh4+ 40. Kg1 Qf2+ {etc but, with both players in time trouble,
Beliavsky seizes the chance to launch his own attack.}) 38... Rf4 39. Rf1 $1 a3
$2 40. Rxf4 Nxf4 41. Qd4+ ({Black is mated after} 41. Qd4+ Kg8 42. Qd8+ Kg7 43.
Qf6+ Kg8 44. Rd8#) 1-0

[Event "EU-Cup 31st"]
[Site "Skopje"]
[Date "2015.10.23"]
[Round "6.1"]
[White "Howell, David"]
[Black "Roiz, Michael"]
[Result "1-0"]
[WhiteElo "2705"]
[BlackElo "2600"]
[Annotator "Roiz,M"]
[PlyCount "75"]
[EventDate "2015.10.18"]
[EventType "team-swiss"]
[EventRounds "7"]
[EventCountry "MKD"]
[SourceTitle "CBM 169"]
[Source "ChessBase"]
[SourceDate "2015.11.10"]
[SourceVersion "1"]
[SourceVersionDate "2015.11.10"]
[SourceQuality "1"]
[WhiteTeam "Cheddleton"]
[BlackTeam "Beer Sheva"]
[WhiteTeamCountry "ENG"]
[BlackTeamCountry "ISR"]

1. e4 {This move is David's main weapon, but I also had to get prepared for 1.
c4 or 1.Nf3.} e5 2. Nf3 Nc6 3. d4 {The most aggressive choice. My opponent
mostly used to play 3.Bb5, but he also had definite experience in Scotch.} exd4
4. Nxd4 Bc5 5. Nb3 Bb6 6. Nc3 Nf6 7. Qe2 {This original idea was successfully
employed by World Champion Magnus Carlsen. Since his game vs Etienne Bacrot in
2010, White's aggressive setup has gained a lot of popularity.} O-O 8. Be3 ({
Another common continuation was:} 8. Bg5 {To be honest, my home preparation
was mainly based on my previous encounter in this line.}) 8... d5 {That was
played rather quickly, since I was familiar with a game of my friend Boris
Avrukh, where he went for an attractive queen sac.} ({In my opinion, the
intermediate} 8... Re8 9. f3 {only helps White to meet} d5 ({Black's position
was solid, but somewhat passive after} 9... d6 10. O-O-O Be6 11. Kb1 Nd7 12.
Qf2 Bxe3 13. Qxe3 $14 {1/2 Panarin,M (2538)-Khalifman,A (2651)/Tyumen 2012/CBM
149 (41)}) {with} 10. O-O-O Be6 11. Qf2 Ne5 12. h3 Ng6 13. Bxb6 axb6 14. f4 Bd7
15. f5 Ne5 16. exd5 $14 {1/2 Caruana,F (2775)-Naiditsch,A (2700)/Dortmund 2012/
CBM 150/[Marin,M] (60)}) 9. O-O-O d4 10. Bg5 {At this moment I was already out
of preparation, though this move was played by Vishy Anand 2 years ago. For
some reason, I didn't pay much attention to this idea and never analysed the
subsequent sharp position.} ({The above-mentioned game of my friend saw:} 10.
Nb5 $6 dxe3 11. Rxd8 Rxd8 12. f3 Be6 {Li,R (2426)-Avrukh,B (2609)/Chicago USA
2015, and Back got promising compensation.}) ({The somewhat slow} 10. f3 {
isn't in the spirit of position, so Black should be fine after} Be6 11. Bg5 (
11. Bf2 $6 Ng4 $1 12. fxg4 Qg5+ 13. Qd2 Qxd2+ 14. Rxd2 dxc3 15. bxc3 Bxf2 16.
Rxf2 Bxg4 $15 {1/2 Nezar,M (2396)-Szabo,K (2545)/Haguenau 2013/CBM 154 Extra 
(34)}) 11... Re8 12. Kb1 Qe7 $1 (12... Nb4 13. Qe1 c5 14. Na4 $14 {1-0 Darini,
P (2479)-Khomeriki,N (2228)/Nakhchivan AZE 2015 (24)}) 13. Na4 d3 $1 14. Qxd3
Rad8 15. Qe2 Bc4 16. Qe1 Bf2 $1 17. Rxd8 Bxe1 18. Rxe8+ Qxe8 19. Bxc4 Na5 $1
$132) 10... h6 {The most natural move.} ({As an alternative, I was mainly
considering} 10... Qd6 {, but after} 11. Kb1 Re8 12. f3 Be6 13. Bxf6 gxf6 14.
Qe1 $36 {Black doesn't get any compensation for an exposed pawn structure.})
11. Bh4 Qd6 ({In the following high-level game Black did face definite
problems after:} 11... Re8 12. f3 ({Another move which deserves serious
attention is} 12. Nd5 $5 g5 13. Nxf6+ Qxf6 14. Bg3 {and the vulnerablity of
Black's king may tell.}) 12... Be6 13. Kb1 Qe7 $6 14. Na4 Nb4 15. Qe1 $14 {
1-0 Anand,V (2783)-Fressinet,L (2706)/Paris/St Petersburg 2013/CBM 154/[Szabo,
Kr] (49)}) ({It was possible to simplify matters by means of} 11... g5 12. Bg3
Qe7 13. Nd5 Nxd5 14. exd5 Qxe2 15. Bxe2 Nb4 16. Nxd4 Nxd5 {, but after} 17. Bf3
$14 {Black's position looks rather unpleasant.}) ({Black's position looks
dangerous also in the event of} 11... Be6 12. e5 g5 13. Bg3 Nd7 14. Nb5 $36)
12. Kb1 Qe6 $146 {A logical novelty - it definitely makes sense to avoid the
pin as soon as possible.} ({In one preceding game Black lost the important Pd4
for free after:} 12... Re8 13. f3 a5 $6 14. Nb5 Qe5 15. Bg3 Qe7 16. N3xd4 $16 {
0-1 Brunello,M (2235)-Markantonaki,H (2150)/Achaia 2013}) 13. Bxf6 Qxf6 14. Nd5
Qd6 {At this moment I was quite optimstic about my position. However, David's
next move completely changed my good feeling...} 15. f4 $1 {A very strong
move! White's plan is based on 16.Qf3 and Bd3 or Bc4, followed by g2-g4
advance. At the same time, the presence of the Nd5 makes Black's q-side
counterplay problematic.} Be6 {The most natural move.} ({I was also considering
} 15... Rd8 {to prevent White from pushing c2-c4, but this move looked awkward,
so finally I rejected it. Indeed, after} 16. Qf3 Be6 17. Bc4 {White's position
should be better, though} (17. g4 $5) 17... Nb4 $1 18. Nxd4 Bxd4 19. Rxd4 Qc5
20. Qc3 c6 21. Bb3 Qxc3 22. bxc3 Nxd5 23. exd5 Bxd5 24. Rhd1 Re8 {would offer
great drawish chances in the resulting rook ending.}) 16. c4 $1 {Unfortunately,
White is just in time to support the strong Nd5, since 16...dxc3 17.Nf6+ drops
the queen.} (16. Qf3 Bxd5 17. exd5 Ne7 18. Nxd4 Qxd5 $11) 16... Nb4 ({The most
tempting reaction on White's last move would be:} 16... f5 $5 17. e5 Qd7 {
trying to get a rid of Nd5 at any cost. Most probably, this idea wouldn't
solve all Black's problems, but it is still playable:} 18. g3 a5 (18... Bxd5
19. cxd5 Qxd5 20. Bg2 Qe6 21. Rc1 $36) 19. Bg2 a4 20. Nxb6 cxb6 21. Bxc6 Qxc6
22. Nxd4 Bxc4 23. Qd2 $14) 17. Qf3 {The most consistent.} ({For some reason, I
didn't pay much attention to} 17. Nxd4 Bxd5 18. cxd5 Qxf4 {, though after} 19.
g3 Qe5 20. Nf3 Qh5 21. Bg2 $14 {White is better due to superiority in the
centre.}) 17... Rfe8 $2 {Being under serious time pressure, I was trying to
activate my pieces at the cost of a pawn, but it is simply wrong.} ({For some
reason, I overestimated the strengh of White's central pawns in the following
line:} 17... Rad8 $1 18. a3 Nxd5 19. cxd5 Bd7 20. Bc4 $1 {It looks like only
this strong move offers White some advantage} ({The move} 20. Nxd4 {is weaker:}
Qg6 {the threat of 21...Bg4 practically forces} 21. f5 Qf6 {, so Black gets
full positional compensation for a pawn.}) 20... Qg6 21. h3 Rfe8 22. Bd3 c6 23.
e5 Bf5 24. dxc6 bxc6 25. g4 Bxd3+ 26. Rxd3 {The resulting position is
double-edged, but White should be somewhat better.}) 18. Nxd4 $1 {My opponent
correctly accepts the challenge.} ({My idea would be fully justified only after
} 18. a3 $2 Nxd5 19. cxd5 Bxd5 $1 20. exd5 Re3 $19 {[%csl Rb3]}) ({Another way
of winning the pawn offers Black much more activity:} 18. Nxb6 axb6 19. Rxd4
Qe7 20. a3 Nc6 21. Rd2 Rad8 $14) 18... Bxd4 19. Rxd4 Qc5 ({It would hardly be
better choosing:} 19... Nxd5 20. cxd5 c6 21. Bd3 (21. Bc4 {is less convincing:}
cxd5 22. Bxd5 Bxd5 23. Rxd5 Qe6 $14) 21... cxd5 22. f5 Bd7 23. Rxd5 Qc7 24. f6
$16) 20. Qc3 $1 a5 {Unfortunately, Black cannot exploit some delay with
development of White's k-side pieces.} ({After} 20... Rad8 21. a3 Nxd5 22. cxd5
Qxc3 23. bxc3 Bd7 24. e5 $16 {White has a sound extra pawn.}) 21. a3 Na6 22.
Be2 c6 23. Ne3 Rad8 {Any exchanges favour White here, but I had no choice.} (
23... Qb6 24. Rhd1 Nc5 25. f5 Bc8 26. Bf3 $18) 24. Rhd1 Rxd4 25. Rxd4 $1 {
David is on top again.} ({It would be more difficult to make progress after} 
25. Qxd4 Qxd4 26. Rxd4 Nc5 27. Bf3 Bc8 28. g3 g5 $16) 25... Qb6 26. Bd1 Nc5 27.
Bc2 a4 $6 $138 ({The most stubborn was:} 27... Bc8 28. g3 f6 {- White's
position is still winning from the technical point of view, but his plan
doesn't look obvious.}) 28. e5 $1 {Now Black's position is completely hopeless
- there are no active ideas.} Bc8 29. g3 Nb3 30. Rd6 Nc5 31. Nd5 $1 {The most
effective way - the knight is coming into the attack.} Qa7 32. Ne7+ Kf8 33.
Nxc8 {White doesn't mind exchanging the ''passive'' bishop, since it is the
main defender of Black's king.} Rxc8 34. Qe3 Qa5 35. f5 {The remaining few
moves were just an agony.} Re8 36. Rxh6 $1 Kg8 (36... gxh6 37. Qxh6+ Ke7 38.
Qd6#) 37. f6 Nb3 38. fxg7 {A prosaic choice.} ({The most effective way was:} 
38. Bh7+ Kf8 39. Bg6 fxg6 40. Rh8+ Kf7 41. fxg7) 1-0

[Event "SCO-ch"]
[Site "Edinburgh"]
[Date "1999.07.17"]
[Round "2"]
[White "Mannion, Stephen R"]
[Black "Motwani, Paul"]
[Result "1/2-1/2"]
[WhiteElo "2345"]
[BlackElo "2465"]
[Annotator "Rowson,J"]
[PlyCount "33"]
[EventDate "1999.07.16"]
[EventType "swiss"]
[EventRounds "9"]
[EventCountry "SCO"]
[SourceTitle "CBM 071 Extra"]
[Source "ChessBase"]
[SourceDate "1999.09.14"]
[SourceVersion "1"]
[SourceVersionDate "1999.09.14"]
[SourceQuality "1"]

1. e4 e5 2. Nf3 Nc6 3. d4 exd4 4. Nxd4 Qf6 5. Nb5 Bc5 6. Qd2 Bb6 7. N1c3 Nge7
8. Qf4 Qxf4 9. Bxf4 d6 10. Be3 Ba5 11. O-O-O a6 12. Nd4 Bxc3 13. bxc3 Bd7 {
Not bad in itself, but Black seems to play the next few moves too passively. I
think I would have been more inclined to castle kingside and play for f5.} (
13... O-O 14. f4 $6 f5 $5 $15 15. Bc4+ Kh8) 14. f4 {I'm not sure about this
plan; mabye it's good to gain space but e4 is likely to remain very weak and ..
.f5 become even more appealing for Black due to the weakened light squares.} (
14. f3 $5 O-O-O (14... O-O 15. c4 b6 16. Ne2 $5 {The d5 square is inviting for
this knight, but in any case I don't think the two bishops fully compensate
for the damaged structure here.} f5 17. Nc3 fxe4 18. Nxe4 Ne5 $5 19. Nc3 Rae8
20. Nd5 $2 (20. Bf2 Bc6 21. Nd5 Nxd5 22. cxd5 Bb5 $17) 20... Nxd5 21. cxd5 Nxf3
) 15. c4 $5) 14... O-O-O (14... O-O $1 $15 15. f5 $5) 15. Bd3 Rde8 16. Rde1 Nd8
17. Nf3 1/2-1/2

[Event "RUS-ch (Women) 65th"]
[Site "Chita"]
[Date "2015.08.11"]
[Round "3"]
[White "Lagno, Kateryna"]
[Black "Ovod, Evgenija"]
[Result "1-0"]
[WhiteElo "2530"]
[BlackElo "2327"]
[Annotator "Sagar Shah"]
[PlyCount "107"]
[EventDate "2015.08.09"]
[EventType "tourn"]
[EventRounds "11"]
[EventCountry "RUS"]
[EventCategory "9"]
[SourceTitle "EXT 2016"]
[Source "ChessBase"]
[SourceDate "2015.10.08"]
[SourceVersion "1"]
[SourceVersionDate "2015.10.08"]
[SourceQuality "1"]

1. e4 e5 2. Nf3 Nc6 3. d4 exd4 4. Nxd4 Bb4+ 5. c3 Bc5 6. Be3 {76} Bb6 7. Nf5 g6
8. Bxb6 axb6 9. Ne3 Nf6 10. f3 {62} d6 11. c4 {215} O-O 12. Nc3 {97} Nh5 13.
Qd2 Ng7 {All these moves were seen in the game Ni Hua-Yu Lie and Zhou-Tomazini.
Both the players were playing pretty fast until now and here Lagno thought for
30 minutes and came up with a new move.} 14. Bd3 $146 {1849} (14. O-O-O {
Previously both the games continued with this move.}) 14... Ne5 {895} 15. O-O-O
{172} Be6 {315} 16. f4 {983} Nxd3+ {96} 17. Qxd3 {White has a stable advantage
with this maroczy type structure. In Maroczy structure, Black's main aim is to
destroy either the e4 or the c4 pawn with the moves f5, d5 or b5. Here Ovod
had to choose between b5 and f5. As the white king is on c1, I would have
chosen b5 but she went for the other break.} f5 (17... b5 $5 18. Nxb5 Rxa2 19.
f5 Ra1+ 20. Kc2 Rxd1 21. Rxd1 Bd7 $132 {with a fighting position.}) 18. exf5 {
416} Nxf5 {112} 19. Rhe1 $1 {A very calm move by Lagno bringing her last piece
into the game.} Nxe3 {709} 20. Rxe3 Qf6 (20... Bf5 $6 21. Qd5+ Kh8 22. Qd4+ (
22. Qxb7 $6 Qh4 $1 23. Rf1 Qxh2 $14) 22... Qf6 23. Qxf6+ Rxf6 24. Re7 $16 {
With a very promising endgame.}) 21. Qd4 $5 {Lagno wants to go into an endgame
as creating a passed pawn on the kingside for her is much easier than for her
opponent on the queenside.} (21. g3 $16) 21... b5 $1 {Ovod realises that if
she does nothing she would slowly land into a very passive endgame and hence
correctly lashes out.} 22. cxb5 (22. Nxb5 Rxa2 23. Qxf6 Rxf6 24. Rd4 $16 {
would have been the correct way to continue.}) 22... Bxa2 {162} 23. b6 $5 {
Lagno plays with fire. With the shelter around her king falling apart it would
have been wiser to exchange queens.} (23. Qxf6 Rxf6 24. g3 $14) 23... Qf7 $5 {
617} (23... Qxd4 24. Rxd4 cxb6 25. g3 $14) (23... cxb6 24. Qxf6 (24. Qxd6 Qxf4
$11) (24. Qxb6 Qxf4 $15) 24... Rxf6 25. g3 Kf8 $11 {should lead to equality.})
24. bxc7 {120} Bb3 (24... Qxc7 25. Qxd6 Qc8 $132) 25. Rde1 Ra1+ {86} 26. Kd2
Rxe1 27. Kxe1 {237} Qxc7 28. g3 $1 {The king will surprisingly find excellent
shelter on f2. Look how each of the white pieces are standing on dark squares
making the bishop on b3 look like a total spectator.} Rc8 {519} 29. Kf2 {87}
Qc5 {237} 30. Qxc5 dxc5 31. Re7 $1 {The endgame is quite promising for White
thanks to much more active pieces.} b6 (31... Rb8 32. Ne4) 32. Ke3 {164} Rc6 {
95} 33. Ke4 {132} Bf7 34. g4 {131} Kf8 {81} (34... b5 $5 35. Nxb5 Rb6 36. Nc3
Rxb2 37. Ke5 {looks scary for Black as all of White pieces are pretty active
but with a few accurate moves she should be able to hold on.} Rc2 $5 $11) 35.
Rb7 Re6+ 36. Kf3 h6 $6 (36... Rd6 $142) 37. Na4 {220} Rd6 38. Nxb6 {91} Kg7 $2
{The losing blunder.} (38... Be6 39. h3 Rd2 40. Na4 Rd3+ 41. Ke4 (41. Kg2 $2
Bd5+ $19) 41... Rd4+ 42. Ke5 Rxa4 43. Kxe6 Rxf4 44. Kd5 $14) 39. Nc4 $1 {70}
Rd3+ 40. Ke2 Rd4 41. Ne5 {Black loses a piece as transposing into a pawn
ending is anyway lost.} Rxf4 42. Kd3 {111} Rd4+ {80} (42... Kf8 43. Nxf7 Rxf7
44. Rxf7+ Kxf7 45. Kc4 $18) 43. Kc3 {147} Kf6 44. Nxf7 {The rest is a matter
of technique.} Rxg4 45. Nxh6 {83} Rh4 46. Ng8+ {85} Ke5 47. Ne7 Rxh2 48. Nxg6+
Kd5 49. Rd7+ {78} Kc6 50. Ne5+ Kb6 51. Nc4+ Kc6 52. Rd6+ Kc7 53. Rg6 Rh3+ 54.
Kc2 1-0